Football Teams Jaume Costa Played For - Statistics

General Stats
  • This quiz has been taken 13 times
  • The average score is 4 of 7
Answer Stats
League Years Team % Correct
Spain 2019-2020 Valencia CF
63%
Spain 2007-2009 Valencia Mestalla
63%
Spain 2012-2019 Villarreal CF
63%
Spain 2020-2021 Villarreal CF
63%
Spain 2010-2012 Villarreal CF B
50%
Spain 2021- RCD Mallorca
38%
Spain 2009-2010 Cádiz CF
25%
No matching quizzes found
Score Distribution
Percent of People with Each Score
Percentile by Number Answered
Your Score History
You have not taken this quiz